[Event "48. Torneo Villa de Mislata - Torneo C"]
[Site "Mislata ESP"]
[Date "2014.08.14"]
[Round "6.1"]
[White "Moreno Vicente, Jesus Miguel"]
[Black "Hernandez Torralba, Sergio"]
[Result "1-0"]
[WhiteElo "1841"]
[BlackElo "1804"]
[PlyCount "117"]
[EventDate "2014.08.11"]
[EventType "swiss"]
[EventRounds "9"]
[EventCountry "ESP"]
[Source "lmi"]
[SourceDate "2014.08.11"]

1. d4 Nf6 2. c4 g6 3. Nc3 Bg7 4. Nf3 O-O 5. e4 d6 6. Be2 c5 7. O-O cxd4 8. Nxd4
Nc6 9. Be3 a6 10. f3 Bd7 11. Qd2 Rb8 12. Rfd1 Nxd4 13. Bxd4 b5 14. Rac1 bxc4
15. Bxc4 Bb5 16. Nxb5 axb5 17. Bb3 Nd7 18. Bxg7 Kxg7 19. Qd4+ Kg8 20. Rd2 Nc5
21. Bd5 Qb6 22. Rdc2 Nd3 23. Qxb6 Rxb6 24. Rd1 Nb4 25. Rc7 Nxd5 26. exd5 Re8
27. Rc6 Rb7 28. Rdc1 Kg7 29. Rc7 Reb8 30. Kf2 Kf6 31. f4 h5 32. g3 Kf5 33. Kf3
Kf6 34. h3 Kf5 35. a3 Kf6 36. Ke4 b4 37. a4 b3 38. Rxb7 Rxb7 39. Rc4 e6 40. a5
Rb5 41. Ra4 exd5+ 42. Kd4 Ke6 43. a6 Rb8 44. a7 Ra8 45. g4 hxg4 46. hxg4 f6 47.
Ra5 f5 48. g5 Kd7 49. Kxd5 Kc7 50. Ra3 Kd7 51. Kc4 Kc6 52. Kxb3 Kd5 53. Ra4 Kc5
54. Kc3 Kb5 55. Ra1 Rc8+ 56. Kd4 Rc4+ 57. Kd5 Rc5+ 58. Kxd6 Rc6+ 59. Kd7 1-0

[Event "48. Torneo Villa de Mislata - Torneo C"]
[Site "Mislata ESP"]
[Date "2014.08.14"]
[Round "6.2"]
[White "Vila Todosantos, Jose Miguel"]
[Black "Torcal Miguel, Oscar"]
[Result "1/2-1/2"]
[WhiteElo "1884"]
[BlackElo "1747"]
[PlyCount "74"]
[EventDate "2014.08.11"]
[EventType "swiss"]
[EventRounds "9"]
[EventCountry "ESP"]
[Source "lmi"]
[SourceDate "2014.08.11"]

1. e4 c5 2. Nf3 d6 3. d4 cxd4 4. Nxd4 Nf6 5. Nc3 g6 6. Bc4 Bg7 7. O-O O-O 8.
Bb3 Nc6 9. Nde2 Qc7 10. Bg5 h6 11. Bxf6 exf6 12. f4 f5 13. exf5 Bxf5 14. Ng3
Nd4 15. Kh1 Be6 16. Rc1 Rad8 17. Nd5 Qd7 18. c3 Nf5 19. Qf3 Rfe8 20. Rce1 Kh8
21. Ne4 Bxd5 22. Bxd5 Kg8 23. b3 Ne7 24. c4 Nxd5 25. cxd5 f5 26. Nf2 Rxe1 27.
Rxe1 Re8 28. Rxe8+ Qxe8 29. g4 Qe1+ 30. Kg2 Bd4 31. h3 Qxf2+ 32. Qxf2 Bxf2 33.
Kxf2 Kf7 34. Kf3 Kf6 35. b4 b5 36. Kg3 fxg4 37. hxg4 g5 1/2-1/2

[Event "48. Torneo Villa de Mislata - Torneo C"]
[Site "Mislata ESP"]
[Date "2014.08.14"]
[Round "6.3"]
[White "Garcia Requena, Joan"]
[Black "Lopez Diaz, Rafael"]
[Result "0-1"]
[WhiteElo "1781"]
[BlackElo "1855"]
[PlyCount "104"]
[EventDate "2014.08.11"]
[EventType "swiss"]
[EventRounds "9"]
[EventCountry "ESP"]
[Source "lmi"]
[SourceDate "2014.08.11"]

1. c4 c5 2. Nc3 Nc6 3. g3 g6 4. Bg2 Bg7 5. e3 e5 6. Nge2 Nge7 7. O-O O-O 8. a3
d6 9. Rb1 a5 10. d3 Rb8 11. Bd2 h5 12. Be1 h4 13. Nd5 Nxd5 14. cxd5 h3 15. Bh1
Ne7 16. b4 axb4 17. axb4 b5 18. Qc2 Qb6 19. Rc1 cxb4 20. Qc7 Rb7 21. Qxb6 Rxb6
22. Bxb4 Bb7 23. e4 f5 24. Rc7 Rf7 25. Rfc1 Bh6 26. R1c2 Ra6 27. Bxd6 Ra1+ 28.
Nc1 Nxd5 29. exd5 Rxc7 30. Bxc7 Bxc1 31. Kf1 Bg5+ 32. Ke2 Rxh1 33. Bxe5 Rxh2
34. Rc7 Bxd5 35. Rg7+ Kf8 36. Rxg6 Be7 37. Rh6 b4 38. Rh5 Be6 39. Rh6 Kf7 40.
Rh7+ Ke8 41. Rh8+ Kd7 42. Rh7 Ke8 43. Rh8+ Kf7 44. Rh7+ Kf8 45. Rh8+ Bg8 46.
Rh5 Kf7 47. g4 Rh1 48. Rxf5+ Ke6 49. Rh5 Bf7 50. Rh7 Kxe5 51. Rxf7 Ke6 52. Rh7
b3 0-1

[Event "48. Torneo Villa de Mislata - Torneo C"]
[Site "Mislata ESP"]
[Date "2014.08.14"]
[Round "6.4"]
[White "Arjona Casado, Abel"]
[Black "Pallas I Garrido, Ernest Josep"]
[Result "1-0"]
[WhiteElo "1440"]
[BlackElo "1844"]
[PlyCount "105"]
[EventDate "2014.08.11"]
[EventType "swiss"]
[EventRounds "9"]
[EventCountry "ESP"]
[Source "lmi"]
[SourceDate "2014.08.11"]

1. e4 e6 2. d4 d5 3. Nc3 dxe4 4. Nxe4 Nd7 5. Nf3 Be7 6. Bd3 Ngf6 7. O-O O-O 8.
h3 c5 9. Be3 cxd4 10. Bxd4 Nxe4 11. Bxe4 Nf6 12. Bd3 b6 13. c3 Bb7 14. Re1 Rc8
15. Ng5 h6 16. Bxf6 Bxf6 17. Nh7 Re8 18. Nxf6+ Qxf6 19. Qa4 Red8 20. Rad1 Qg5
21. Bf1 a5 22. Qb3 Qc5 23. Qb5 Qc7 24. Rxd8+ Rxd8 25. Qe5 Qxe5 26. Rxe5 Rd2 27.
Rb5 Rd6 28. c4 Ba6 29. Rb3 Rd1 30. Rc3 Kf8 31. f3 Ke7 32. Rc2 e5 33. Kf2 Kd6
34. c5+ bxc5 35. Bxa6 f6 36. Ke2 Rg1 37. Kd3 g6 38. Kc4 Kc6 39. Bb5+ Kb7 40.
Be8 g5 41. Kd5 Rd1+ 42. Ke6 Rd4 43. Kxf6 e4 44. fxe4 Rxe4 45. Bg6 Rf4+ 46. Kg7
g4 47. hxg4 Rxg4 48. Kxh6 Kb6 49. Kh5 Rg3 50. Be4 Re3 51. Bf3 a4 52. Rc3 Re1
53. g4 1-0

[Event "48. Torneo Villa de Mislata - Torneo C"]
[Site "Mislata ESP"]
[Date "2014.08.14"]
[Round "6.5"]
[White "Morenilla Rocher, Fernando"]
[Black "Marco Catala, Juan Bautista"]
[Result "1-0"]
[WhiteElo "1811"]
[BlackElo "1693"]
[PlyCount "90"]
[EventDate "2014.08.11"]
[EventType "swiss"]
[EventRounds "9"]
[EventCountry "ESP"]
[Source "lmi"]
[SourceDate "2014.08.11"]

1. d4 d6 2. Nf3 g6 3. e4 Nf6 4. Bd3 Bg7 5. Bg5 Nc6 6. a3 Bg4 7. Be3 e5 8. c3
O-O 9. h3 Bd7 10. g4 d5 11. Nbd2 dxe4 12. Nxe4 exd4 13. Nxf6+ Bxf6 14. cxd4 Re8
15. Bc4 Qe7 16. Qd2 Rad8 17. O-O-O a6 18. Rde1 Qf8 19. Bh6 Bg7 20. Bxg7 Qxg7
21. Ng5 Rf8 22. Re4 h6 23. Nf3 b5 24. Ba2 Kh7 25. Rhe1 f5 26. R4e3 fxg4 27. Ne5
Nxe5 28. Rxe5 Rde8 29. hxg4 Rxe5 30. dxe5 Bxg4 31. e6 Re8 32. Qd5 Qe7 33. Re4
Bf5 34. Re3 c5 35. Qc6 c4 36. Qxa6 Qg5 37. Kd2 Rxe6 38. Qxb5 Rd6+ 39. Kc3 Qf6+
40. Qe5 Rd3+ 41. Kxc4 Qc6+ 42. Kb4 Qb6+ 43. Qb5 Rd4+ 44. Bc4 Qd6+ 45. Kb3 h5
1-0

[Event "48. Torneo Villa de Mislata - Torneo C"]
[Site "Mislata ESP"]
[Date "2014.08.15"]
[Round "7.1"]
[White "Torcal Miguel, Oscar"]
[Black "Moreno Vicente, Jesus Miguel"]
[Result "0-1"]
[WhiteElo "1747"]
[BlackElo "1841"]
[PlyCount "144"]
[EventDate "2014.08.11"]
[EventType "swiss"]
[EventRounds "9"]
[EventCountry "ESP"]
[Source "lmi"]
[SourceDate "2014.08.11"]

1. e4 e6 2. d4 d5 3. e5 c5 4. Qg4 cxd4 5. Nf3 Nc6 6. Bd3 Qc7 7. Qg3 g6 8. O-O
Bg7 9. Re1 Bd7 10. Nbd2 Nge7 11. Nb3 Qb6 12. a4 a5 13. Bg5 h6 14. Bxe7 Kxe7 15.
h4 Raf8 16. h5 Nb4 17. Nbxd4 Nxd3 18. cxd3 g5 19. b3 Rc8 20. Rac1 Qb4 21. Qg4
Rc3 22. Nxg5 hxg5 23. Qxg5+ Kf8 24. Qd8+ Be8 25. Nb5 Rxc1 26. Rxc1 Bxe5 27. d4
Qd2 28. Rf1 Bf4 29. g3 Rg8 30. Nd6 Bxd6 31. Qxd6+ Kg7 32. Qe5+ Kh7 33. Kg2 Qg5
34. Qc7 Qg4 35. Re1 Rg7 36. Qd8 Bc6 37. h6 Rg8 38. Qe7 Qg6 39. Qc7 Re8 40. Qxa5
e5 41. Qd2 e4 42. Qf4 Re6 43. a5 Rf6 44. Qe5 Qf5 45. Qxf5+ Rxf5 46. Rc1 Bb5 47.
Rc7 Kxh6 48. Rxb7 Be2 49. Rb6+ Kg7 50. a6 Rh5 51. g4 Rh8 52. a7 Ra8 53. Rb7
Bxg4 54. b4 Bc8 55. Rb8 Rxa7 56. Rxc8 Rb7 57. Rc5 Rxb4 58. Rxd5 Kf6 59. Kg3
Rb3+ 60. Kg2 Rd3 61. Rd8 Kf5 62. Kf1 Kf4 63. d5 Ke5 64. Ke2 Rxd5 65. Rxd5+ Kxd5
66. Ke3 Ke5 67. Kd2 Kf4 68. Ke2 f6 69. Ke1 Kf3 70. Kf1 f5 71. Ke1 Kg2 72. Ke2
f4 0-1

[Event "48. Torneo Villa de Mislata - Torneo C"]
[Site "Mislata ESP"]
[Date "2014.08.15"]
[Round "7.2"]
[White "Lopez Diaz, Rafael"]
[Black "Arjona Casado, Abel"]
[Result "1-0"]
[WhiteElo "1855"]
[BlackElo "1440"]
[PlyCount "104"]
[EventDate "2014.08.11"]
[EventType "swiss"]
[EventRounds "9"]
[EventCountry "ESP"]
[Source "lmi"]
[SourceDate "2014.08.11"]

1. e4 c5 2. Nf3 d6 3. d4 cxd4 4. Nxd4 Nf6 5. Nc3 g6 6. Be2 Bg7 7. Be3 O-O 8.
Qd2 Nc6 9. Nxc6 bxc6 10. Bh6 Rb8 11. Bxg7 Kxg7 12. b3 Qa5 13. O-O c5 14. Rfd1
Ba6 15. Bf3 Qc7 16. Qe3 c4 17. Qd4 Qb6 18. Qd2 Rfc8 19. Na4 Qb4 20. Qxb4 Rxb4
21. c3 Rbb8 22. b4 Rb5 23. Nb2 Re5 24. Rd4 g5 25. h3 g4 26. hxg4 Rg5 27. a4
Nxg4 28. Bxg4 Rxg4 29. f3 Rg5 30. b5 Bb7 31. Rxc4 Rxc4 32. Nxc4 Rc5 33. Na5 Ba8
34. c4 a6 35. Kf2 Kf6 36. Ke3 Ke6 37. Rh1 Rg5 38. Rxh7 Rxg2 39. Rh8 Bxe4 40.
fxe4 axb5 41. axb5 Kd7 42. Ra8 Rb2 43. Ra7+ Kc8 44. Rxe7 Kb8 45. Nc6+ Kc8 46.
Nd4 Rb1 47. Rxf7 Re1+ 48. Ne2 Ra1 49. Nc3 Kb8 50. Kd3 Ra3 51. Rd7 Kc8 52. Rxd6
Kc7 1-0

[Event "48. Torneo Villa de Mislata - Torneo C"]
[Site "Mislata ESP"]
[Date "2014.08.15"]
[Round "7.3"]
[White "Soriano Folch, Jonathan"]
[Black "Morenilla Rocher, Fernando"]
[Result "1-0"]
[WhiteElo "1828"]
[BlackElo "1811"]
[PlyCount "120"]
[EventDate "2014.08.11"]
[EventType "swiss"]
[EventRounds "9"]
[EventCountry "ESP"]
[Source "lmi"]
[SourceDate "2014.08.11"]

1. e4 c6 2. d4 d5 3. Nc3 dxe4 4. Nxe4 Nf6 5. Nxf6+ exf6 6. Nf3 Bg4 7. Be2 Bd6
8. h3 Bh5 9. Be3 O-O 10. Qd2 Nd7 11. O-O-O Nb6 12. g4 Bg6 13. g5 Nd5 14. gxf6
Qxf6 15. Bg5 Qe6 16. Bc4 b5 17. Bb3 h6 18. Be3 Rfe8 19. Ne5 Kh7 20. Nxg6 Qxg6
21. c3 f5 22. Bxd5 cxd5 23. Bf4 Rac8 24. Rhg1 Qf6 25. h4 Re4 26. Bxd6 Qxd6 27.
h5 Qf4 28. Qxf4 Rxf4 29. Rg2 b4 30. Kc2 bxc3 31. bxc3 Rh4 32. Rb1 Rc7 33. Rb5
Rd7 34. Kd3 Rxh5 35. c4 dxc4+ 36. Kxc4 Rh4 37. Rd5 Rxd5 38. Kxd5 Re4 39. Kc5 g5
40. d5 Re2 41. d6 Rc2+ 42. Kd5 Kg6 43. d7 Rxa2 44. Kc6 Rc2+ 45. Kb7 Rd2 46. Kc7
Rc2+ 47. Kb7 Rd2 48. Kc7 h5 49. f4 Rxd7+ 50. Kxd7 g4 51. Ke6 h4 52. Rxg4+ fxg4
53. f5+ Kg5 54. f6 g3 55. f7 Kg4 56. f8=Q Kh3 57. Qf1+ Kh2 58. Kf5 h3 59. Kg4
g2 60. Qe2 Kh1 1-0

[Event "48. Torneo Villa de Mislata - Torneo C"]
[Site "Mislata ESP"]
[Date "2014.08.15"]
[Round "7.4"]
[White "Hernandez Torralba, Sergio"]
[Black "Ruiz Martorell, Alfredo"]
[Result "1-0"]
[WhiteElo "1804"]
[BlackElo "1898"]
[PlyCount "105"]
[EventDate "2014.08.11"]
[EventType "swiss"]
[EventRounds "9"]
[EventCountry "ESP"]
[Source "lmi"]
[SourceDate "2014.08.11"]

1. e4 e6 2. d4 d5 3. Nd2 c5 4. exd5 cxd4 5. Bb5+ Bd7 6. dxe6 fxe6 7. Bxd7+ Qxd7
8. Ngf3 Nc6 9. O-O Bd6 10. Re1 Nf6 11. Nb3 Bb4 12. Bd2 Be7 13. Qe2 O-O-O 14.
Qxe6 Qxe6 15. Rxe6 h6 16. Rae1 Rd7 17. Bf4 Nd5 18. Be5 Bf6 19. Bxd4 Nxd4 20.
Nfxd4 Nb4 21. c3 Nd3 22. Re8+ Rxe8 23. Rxe8+ Kc7 24. Re2 b6 25. Rd2 Re7 26. g3
Re1+ 27. Kg2 Nc5 28. Nb5+ Kb7 29. Nxc5+ bxc5 30. Nd6+ Kc6 31. Nf5 a5 32. Rd6+
Kc7 33. Ra6 Re2 34. Rxa5 Kb6 35. Ra8 Kb7 36. Rg8 Rxb2 37. Nxg7 Bxc3 38. Ne6 c4
39. Nc5+ Kc6 40. Na4 Rc2 41. Nxc3 Rxc3 42. Rc8+ Kb5 43. f4 Rc2+ 44. Kf3 Rxa2
45. h3 Ra6 46. Ke4 Ra2 47. f5 Rf2 48. Ke5 Kb4 49. Ke6 Re2+ 50. Kf7 c3 51. Kg7
c2 52. f6 Rf2 53. Rxc2 1-0

[Event "48. Torneo Villa de Mislata - Torneo C"]
[Site "Mislata ESP"]
[Date "2014.08.15"]
[Round "7.5"]
[White "Bueno Dominguez, Ricardo"]
[Black "Vila Todosantos, Jose Miguel"]
[Result "1-0"]
[WhiteElo "1767"]
[BlackElo "1884"]
[PlyCount "45"]
[EventDate "2014.08.11"]
[EventType "swiss"]
[EventRounds "9"]
[EventCountry "ESP"]
[Source "lmi"]
[SourceDate "2014.08.11"]

1. e4 c5 2. Nf3 Nc6 3. d4 cxd4 4. Nxd4 a6 5. Nc3 e6 6. Be2 Qc7 7. O-O Nf6 8. a3
Be7 9. Be3 O-O 10. f4 d6 11. Bf3 e5 12. Nf5 Bxf5 13. exf5 exf4 14. Bxf4 Qb6+
15. Kh1 Qxb2 16. Ne4 Nxe4 17. Bxe4 Qf6 18. Rb1 Rfd8 19. Rxb7 d5 20. Bxd5 Rac8
21. c4 Na5 22. Rc7 Kh8 23. Qe1 1-0

[Event "48. Torneo Villa de Mislata - Torneo C"]
[Site "Mislata ESP"]
[Date "2014.08.16"]
[Round "8.1"]
[White "Moreno Vicente, Jesus Miguel"]
[Black "Soler Nadal, Jose Antonio"]
[Result "1-0"]
[WhiteElo "1841"]
[BlackElo "1822"]
[PlyCount "81"]
[EventDate "2014.08.11"]
[EventType "swiss"]
[EventRounds "9"]
[EventCountry "ESP"]
[Source "lmi"]
[SourceDate "2014.08.11"]

1. d4 c5 2. d5 Nf6 3. c4 Ne4 4. Qd3 Qa5+ 5. Nd2 Nf6 6. e4 e5 7. Ne2 d6 8. Nc3
Be7 9. Be2 Na6 10. O-O O-O 11. f4 Nb4 12. Qb1 exf4 13. Nf3 Bg4 14. a3 Na6 15.
Bxf4 Bxf3 16. Bxf3 Nd7 17. Qd3 Ne5 18. Bxe5 dxe5 19. Bg4 Bd6 20. Nb5 Qd8 21.
Rf3 Nc7 22. Nxc7 Qxc7 23. Raf1 a6 24. Rh3 b5 25. Qg3 bxc4 26. Rf6 Rfb8 27. Rxf7
Rb3 28. Qxb3 cxb3 29. Rxc7 Bxc7 30. Be6+ Kh8 31. Rxb3 Rb8 32. Rxb8+ Bxb8 33.
Kf2 g6 34. Ke3 Kg7 35. Kd3 Kf6 36. Kc4 Ba7 37. Bg8 h6 38. d6 Kg7 39. Be6 Kf6
40. Kd5 c4 41. Bc8 1-0

[Event "48. Torneo Villa de Mislata - Torneo C"]
[Site "Mislata ESP"]
[Date "2014.08.16"]
[Round "8.2"]
[White "Bueno Dominguez, Ricardo"]
[Black "Lopez Diaz, Rafael"]
[Result "0-1"]
[WhiteElo "1767"]
[BlackElo "1855"]
[PlyCount "84"]
[EventDate "2014.08.11"]
[EventType "swiss"]
[EventRounds "9"]
[EventCountry "ESP"]
[Source "lmi"]
[SourceDate "2014.08.11"]

1. e4 c5 2. Nf3 d6 3. d4 cxd4 4. Nxd4 Nf6 5. Nc3 a6 6. Be2 e5 7. Nb3 Be6 8. O-O
Be7 9. Be3 O-O 10. f4 exf4 11. Bxf4 Nc6 12. Kh1 Ne5 13. Qe1 Qc7 14. Rd1 b5 15.
a3 Rfb8 16. Nd4 Bc8 17. Qg3 b4 18. axb4 Rxb4 19. b3 Bd7 20. Bg5 Kh8 21. Bxf6
Bxf6 22. Nd5 Qc5 23. Nxb4 Qxb4 24. Nf5 Bxf5 25. exf5 a5 26. Rd5 Rc8 27. c4 a4
28. Ra1 axb3 29. Rb5 Qd2 30. Bf1 b2 31. Rb1 h6 32. R5xb2 Qd4 33. Rb8 Rxb8 34.
Rxb8+ Kh7 35. Rb1 Ng4 36. Rb2 Be5 37. Qd3 Qxb2 38. Qf3 Nf2+ 39. Kg1 Qb6 40. g3
Ng4+ 41. Kg2 Qb2+ 42. Kh3 Qxh2+ 0-1

[Event "48. Torneo Villa de Mislata - Torneo C"]
[Site "Mislata ESP"]
[Date "2014.08.16"]
[Round "8.3"]
[White "Hernandez Torralba, Sergio"]
[Black "Soriano Folch, Jonathan"]
[Result "0-1"]
[WhiteElo "1804"]
[BlackElo "1828"]
[PlyCount "59"]
[EventDate "2014.08.11"]
[EventType "swiss"]
[EventRounds "9"]
[EventCountry "ESP"]
[Source "lmi"]
[SourceDate "2014.08.11"]

1. e4 c5 2. Nf3 e6 3. g3 Nc6 4. d4 cxd4 5. Nxd4 Nf6 6. Bg2 d5 7. exd5 Nxd5 8.
Nxc6 bxc6 9. O-O Bd6 10. c4 Ne7 11. Qg4 O-O 12. Bh6 Ng6 13. Bxc6 Rb8 14. Bc1
Ne5 15. Qe4 Qc7 16. c5 Bxc5 17. Bf4 Qxc6 18. Qxc6 Nxc6 19. Bxb8 Nxb8 20. Nc3
Nc6 21. Rac1 Nd4 22. h4 a5 23. Rcd1 Ba6 24. Na4 Ne2+ 25. Kg2 Bd4 26. Rfe1 e5
27. Rd2 Bb5 28. Rexe2 Bxa4 29. f4 Bc6+ 30. Kh3 0-1

[Event "48. Torneo Villa de Mislata - Torneo C"]
[Site "Mislata ESP"]
[Date "2014.08.16"]
[Round "8.4"]
[White "Benavent Espi, Vicente"]
[Black "Marco Catala, Juan Bautista"]
[Result "0-1"]
[WhiteElo "1892"]
[BlackElo "1693"]
[PlyCount "36"]
[EventDate "2014.08.11"]
[EventType "swiss"]
[EventRounds "9"]
[EventCountry "ESP"]
[Source "lmi"]
[SourceDate "2014.08.11"]

1. e4 d6 2. d4 Nf6 3. Nc3 g6 4. f4 Bg7 5. Nf3 c5 6. Bb5+ Bd7 7. e5 Ng4 8. e6
Bxb5 9. exf7+ Kf8 10. Ng5 Bd7 11. h3 cxd4 12. hxg4 dxc3 13. bxc3 h6 14. Qd3
hxg5 15. Rxh8+ Bxh8 16. Qxg6 Bg7 17. f5 Qa5 18. Bxg5 Qxc3+ 0-1

[Event "48. Torneo Villa de Mislata - Torneo C"]
[Site "Mislata ESP"]
[Date "2014.08.16"]
[Round "8.5"]
[White "Morenilla Rocher, Fernando"]
[Black "Colomer De Luque, Francisco"]
[Result "0-1"]
[WhiteElo "1811"]
[BlackElo "1681"]
[PlyCount "90"]
[EventDate "2014.08.11"]
[EventType "swiss"]
[EventRounds "9"]
[EventCountry "ESP"]
[Source "lmi"]
[SourceDate "2014.08.11"]

1. d4 d5 2. Nf3 Nf6 3. e3 Bg4 4. c4 c6 5. Nc3 e6 6. Be2 Bb4 7. O-O Nbd7 8. Qb3
a5 9. c5 Bxc3 10. bxc3 Rb8 11. Re1 Ne4 12. Nd2 Bxe2 13. Nxe4 dxe4 14. Rxe2 O-O
15. Rb2 b5 16. Rab1 Nf6 17. Qc2 Qc7 18. h3 Nd5 19. Bd2 f5 20. a4 bxa4 21. Qxa4
Rxb2 22. Rxb2 Rb8 23. Rxb8+ Qxb8 24. Qxc6 Kf7 25. c4 Qb1+ 26. Kh2 Qb8+ 27. Qd6
Qxd6+ 28. cxd6 Nb4 29. Kg1 Nc6 30. Kf1 a4 31. Ke1 a3 32. Kd1 a2 33. Bc3 Nb4 34.
Kc1 Nd3+ 35. Kc2 Nxf2 36. Kb2 Nd1+ 37. Kxa2 Nxc3+ 38. Kb3 Nd1 39. c5 Ke8 40.
Kb4 Nxe3 41. Kb5 Nd5 42. Kc4 Kd7 43. Kb3 g5 44. Kc4 f4 45. Kb3 f3 0-1

[Event "48. Torneo Villa de Mislata - Torneo C"]
[Site "Mislata ESP"]
[Date "2014.08.17"]
[Round "9.1"]
[White "Soriano Folch, Jonathan"]
[Black "Moreno Vicente, Jesus Miguel"]
[Result "1/2-1/2"]
[WhiteElo "1828"]
[BlackElo "1841"]
[PlyCount "24"]
[EventDate "2014.08.11"]
[EventType "swiss"]
[EventRounds "9"]
[EventCountry "ESP"]
[Source "lmi"]
[SourceDate "2014.08.11"]

1. e4 e6 2. d3 d5 3. Nd2 Nf6 4. Ngf3 c5 5. g3 Nc6 6. Bg2 Be7 7. O-O O-O 8. e5
Nd7 9. Re1 b5 10. Nf1 a5 11. h4 Ba6 12. Bf4 b4 1/2-1/2

[Event "48. Torneo Villa de Mislata - Torneo C"]
[Site "Mislata ESP"]
[Date "2014.08.17"]
[Round "9.2"]
[White "Lopez Diaz, Rafael"]
[Black "Marco Catala, Juan Bautista"]
[Result "1/2-1/2"]
[WhiteElo "1855"]
[BlackElo "1693"]
[PlyCount "31"]
[EventDate "2014.08.11"]
[EventType "swiss"]
[EventRounds "9"]
[EventCountry "ESP"]
[Source "lmi"]
[SourceDate "2014.08.11"]

1. c4 c5 2. Nf3 g6 3. d4 cxd4 4. Nxd4 Bg7 5. e4 Nc6 6. Be3 Nf6 7. Nc3 O-O 8.
Be2 d6 9. O-O Bd7 10. Qd2 Rc8 11. f3 a6 12. g4 Kh8 13. Nxc6 Bxc6 14. Rf2 e6 15.
Bg5 Qa5 16. Bh6 1/2-1/2

[Event "48. Torneo Villa de Mislata - Torneo C"]
[Site "Mislata ESP"]
[Date "2014.08.17"]
[Round "9.3"]
[White "Colomer De Luque, Francisco"]
[Black "Hernandez Torralba, Jose Joaqu"]
[Result "0-1"]
[WhiteElo "1681"]
[BlackElo "1643"]
[PlyCount "62"]
[EventDate "2014.08.11"]
[EventType "swiss"]
[EventRounds "9"]
[EventCountry "ESP"]
[Source "lmi"]
[SourceDate "2014.08.11"]

1. e4 c5 2. Nc3 e6 3. g3 d5 4. exd5 exd5 5. d3 Nf6 6. Bg5 Be7 7. Bg2 Be6 8.
Nge2 h6 9. Bxf6 Bxf6 10. O-O O-O 11. Nf4 Bxc3 12. bxc3 Nc6 13. Rb1 Qd7 14. Re1
Rfe8 15. Nxe6 fxe6 16. Bh3 Re7 17. Qg4 Rae8 18. f4 d4 19. c4 Nb4 20. Rb2 Qa4
21. Qg6 Nxc2 22. Bxe6+ Kh8 23. Rxb7 Rxb7 24. Re5 Ne3 25. Rxe3 dxe3 26. Bf5 Qd1+
27. Kg2 Rb2+ 28. Kh3 Qf1+ 29. Kg4 Qe2+ 30. Kh4 Qxh2+ 31. Kg4 h5+ 0-1

[Event "48. Torneo Villa de Mislata - Torneo C"]
[Site "Mislata ESP"]
[Date "2014.08.17"]
[Round "9.4"]
[White "Soler Nadal, Jose Antonio"]
[Black "Navarro Gomez, Gabriel"]
[Result "1/2-1/2"]
[WhiteElo "1822"]
[BlackElo "1739"]
[PlyCount "37"]
[EventDate "2014.08.11"]
[EventType "swiss"]
[EventRounds "9"]
[EventCountry "ESP"]
[Source "lmi"]
[SourceDate "2014.08.11"]

1. Nf3 d5 2. d4 Bg4 3. e3 Nf6 4. c4 e6 5. h3 Bb4+ 6. Nc3 c6 7. Bd3 Nbd7 8. cxd5
cxd5 9. O-O a6 10. a4 Bd6 11. e4 dxe4 12. Nxe4 Nxe4 13. Bxe4 Qc7 14. Bg5 h6 15.
Rc1 Qb6 16. Be3 Bxf3 17. Qxf3 Rb8 18. d5 Qb3 19. dxe6 1/2-1/2

[Event "48. Torneo Villa de Mislata - Torneo C"]
[Site "Mislata ESP"]
[Date "2014.08.17"]
[Round "9.5"]
[White "Nevado Jimenez, Sergio"]
[Black "Hernandez Torralba, Sergio"]
[Result "0-1"]
[WhiteElo "1626"]
[BlackElo "1804"]
[PlyCount "36"]
[EventDate "2014.08.11"]
[EventType "swiss"]
[EventRounds "9"]
[EventCountry "ESP"]
[Source "lmi"]
[SourceDate "2014.08.11"]

1. d4 Nf6 2. Bf4 g6 3. Nf3 Bg7 4. e3 O-O 5. Be2 d6 6. c3 b6 7. Nbd2 c5 8. h3
Bb7 9. O-O Nbd7 10. Qc2 Qc7 11. Rfe1 Rab8 12. Rad1 Rfc8 13. Bd3 b5 14. Bxb5
Bxf3 15. Bxd7 Bxd1 16. Rxd1 Nxd7 17. dxc5 Nxc5 18. Nc4 Ne6 0-1